[Event "1st Bavarian Open, Bad Wiessee GER"]
[Site "?"]
[Date "1997.??.??"]
[Round "?"]
[White "Kachiani, K."]
[Black "Markowski, T."]
[Result "1-0"]
[WhiteElo "2415"]
[BlackElo "2515"]
[PlyCount "63"]
[EventDate "1997.??.??"]
[Source "www.chesslib.no"]
[SourceDate "2004.05.04"]

1. d4 c5 2. d5 e5 3. c4 d6 4. e4 g6 5. Nc3 Bg7 6. Nf3 Nd7 7. Bd3 Ne7 8. h3 f5 9. Ng5 Nf6 10. Qa4+ Bd7 11. Qb3 Qc8 12. g4 fxg4 13. hxg4 Bxg4 14. Be2 Bd7 15. f4 O-O 16. Nb5 Qb8 17. fxe5 dxe5 18. Be3 b6 19. O-O-O Qc8 20. Rdg1 a6 21. d6 Nc6 22. Nc7 Rb8 23. Nxh7 Nxh7 24. Rxg6 Rf7 25. Bh6 Kh8 26. Bxg7+ Rxg7 27. Rxg7 Kxg7 28. Qg3+ Kh8 29. Nd5 Bf5 30. Ne7 Nxe7 31. Qxe5+ Kg8 32. dxe7 1-0

[Event "TCh-CRO"]
[Site "Rabac"]
[Date "2004.09.06"]
[Round "2"]
[White "Horvath, Peter"]
[Black "Klaric, Zlatko"]
[Result "1-0"]
[WhiteElo "2503"]
[BlackElo "2425"]
[PlyCount "89"]
[EventDate "2004.06.21"]
[Source "Roberto Alvarez"]
[SourceDate "2004.09.21"]

1. d4 c5 2. d5 e5 3. e4 a6 4. a4 d6 5. Be2 f5 6. exf5 Bxf5 7. Nc3 Nf6 8. Nf3 Be7 9. Nd2 Nbd7 10. g4 Bg6 11. g5 Ng8 12. h4 Nf8 13. Rg1 Bf5 14. Nc4 g6 15. Bg4 Bxg4 16. Qxg4 h6 17. a5 hxg5 18. hxg5 Qc8 19. Qxc8+ Rxc8 20. Ne4 Rd8 21. Be3 Rh4 22. f3 Nh7 23. Ke2 Rh2+ 24. Kd3 Kf7 25. Rh1 Rxh1 26. Rxh1 Kg7 27. Ke2 Bf8 28. Rd1 Be7 29. Rd3 Bf8 30. Rb3 Rd7 31. Rb6 Ne7 32. Rxd6 Rxd6 33. Ncxd6 Nxd5 34. Bxc5 Nf4+ 35. Ke3 Ne6 36. Nxb7 Nxc5 37. Nbxc5 Nxg5 38. Nxa6 Ne6 39. b4 Kf7 40. b5 Nd4 41. b6 Nxc2+ 42. Kd3 Nd4 43. b7 Nc6 44. b8=Q Nxb8 45. Nxb8 1-0

[Event "Komercni Banka Open, Pardubice CZE"]
[Site "Pardubice"]
[Date "1999.??.??"]
[Round "2"]
[White "Buhmann, R."]
[Black "Haba, P."]
[Result "1/2-1/2"]
[WhiteElo "2385"]
[BlackElo "2540"]
[PlyCount "111"]
[EventDate "1999.??.??"]
[Source "www.chesslib.no"]
[SourceDate "2004.05.04"]

1. d4 c5 2. d5 d6 3. c4 e5 4. Nc3 Be7 5. e4 Bg5 6. Bxg5 Qxg5 7. Nf3 Qe7 8. Bd3 Nh6 9. a3 a5 10. Qc2 O-O 11. h3 f5 12. O-O-O Na6 13. Kb1 Nc7 14. Rhe1 Kh8 15. exf5 Nxf5 16. Ne4 b5 17. cxb5 Nxd5 18. Nxc5 Nf4 19. Be4 Rb8 20. Nd3 Nxg2 21. Rg1 Ngh4 22. Nxh4 Nxh4 23. Qe2 Rxb5 24. Nb4 Rc5 25. Nd5 Qf7 26. Ne3 Rd8 27. Bd5 Qf6 28. Rc1 Rxc1+ 29. Rxc1 Bxh3 30. Rh1 Bd7 31. Ka1 g6 32. Qa6 a4 33. Qc4 Nf5 34. Ng4 Qe7 35. f4 Rc8 36. Qb4 Nd4 37. Ne3 Bf5 38. Rd1 Nc2+ 39. Nxc2 Bxc2 40. Rc1 Bf5 41. Rxc8+ Bxc8 42. Qb8 Qe8 43. Qxd6 Kg7 44. fxe5 Bf5 45. Qf6+ Kh6 46. e6 Qb5 47. Qh4+ Kg7 48. Qd4+ Kh6 49. Bc4 Qc6 50. Qh4+ Kg7 51. e7 Be6 52. Qf4 Qh1+ 53. Bf1 Bf7 54. Qd4+ Kh6 55. Qf4+ Kg7 56. Qe5+ 1/2-1/2

[Event "Suetin mem"]
[Site "Tula"]
[Date "2002.03.25"]
[Round "3"]
[White "Kotanjian, Tigran"]
[Black "Vorobiov, Evgeny E"]
[Result "0-1"]
[WhiteElo "2387"]
[BlackElo "2534"]
[PlyCount "78"]
[EventDate "2002.03.23"]
[Source "ChessBase"]
[SourceDate "2002.05.03"]

1. d4 c5 2. d5 d6 3. c4 e5 4. Nc3 Be7 5. Nf3 a6 6. e4 Bg4 7. h3 Bxf3 8. Qxf3 Bg5 9. Bxg5 Qxg5 10. h4 Qe7 11. g4 h6 12. Be2 Nd7 13. a3 Qf6 14. Qxf6 Ngxf6 15. Kd2 Ke7 16. Rab1 b6 17. f3 h5 18. b4 cxb4 19. Rxb4 hxg4 20. fxg4 Nc5 21. Ke3 Nfd7 22. Rbb1 g6 23. h5 Rag8 24. Bf3 Rc8 25. Rhf1 Rhg8 26. Rf2 Rcf8 27. Be2 gxh5 28. gxh5 Nf6 29. Rxb6 Rg3+ 30. Rf3 Nxh5 31. Rxg3 Nxg3 32. Bg4 Rg8 33. Bh3 Rh8 34. Bg4 Rh2 35. Ne2 Nf1+ 36. Kf3 Nd3 37. Rb7+ Kf6 38. Bh5 Rxh5 39. Kg2 Ne3+ 0-1

[Event "HUN Ch"]
[Site "Budapest HUN"]
[Date "1978.??.??"]
[Round "?"]
[White "Farago, Ivan"]
[Black "Horvath, Tamas"]
[Result "1/2-1/2"]
[WhiteElo "2510"]
[BlackElo "2410"]
[PlyCount "93"]
[EventDate "1978.12.??"]
[Source "www.chesslib.no"]
[SourceDate "2004.05.04"]

1. d4 g6 2. c4 c5 3. d5 e5 4. e4 d6 5. Nc3 Bg7 6. Be2 f5 7. exf5 gxf5 8. Bh5+ Kf8 9. Nf3 Bf6 10. O-O Nd7 11. Ne1 Kg7 12. f4 e4 13. g4 Bxc3 14. bxc3 Ndf6 15. g5 Nxh5 16. Qxh5 h6 17. Kh1 Ne7 18. Nc2 hxg5 19. Qxg5+ Kf7 20. Rg1 Rh7 21. Bd2 Bd7 22. Qg2 Qh8 23. Qf2 Ng6 24. Rg3 Qf6 25. Rag1 Rah8 26. Rg5 Nh4 27. Ne1 Qh6 28. R1g3 Nf3 29. Nxf3 exf3 30. Kg1 Qxh2+ 31. Qxh2 Rxh2 32. Rg7+ Ke8 33. Rg8+ Rxg8 34. Rxg8+ Kf7 35. Kxh2 Kxg8 36. Kg3 b5 37. cxb5 Bxb5 38. Kxf3 Bc4 39. a3 Kf7 40. Be1 Bxd5+ 41. Ke3 Bc4 42. Bh4 Ke6 43. Bg5 Kd7 44. Bh4 Kc6 45. Be7 Bf1 46. Bf8 d5 47. Be7 1/2-1/2

[Event "Hoogovens-B"]
[Site "Wijk aan Zee"]
[Date "1975.??.??"]
[Round "4"]
[White "Portisch, Ferenc"]
[Black "Dvoretzky, Mark"]
[Result "1/2-1/2"]
[WhiteElo "2420"]
[BlackElo "2495"]
[PlyCount "79"]
[EventDate "1975.??.??"]
[Source "ChessBase"]

1. d4 c5 2. d5 e5 3. c4 d6 4. Nc3 Be7 5. e4 Bg5 6. Nge2 Nh6 7. f4 exf4 8. Nxf4 O-O 9. Be2 Nd7 10. O-O Ne5 11. h3 Qe7 12. Qd2 f6 13. a4 Bd7 14. a5 Nhf7 15. Qe1 Ng6 16. Qg3 Qe5 17. Nh5 Rae8 18. Bxg5 Nxg5 19. Qxe5 Rxe5 20. Ng3 Ne7 21. a6 b6 22. Rf2 Nf7 23. Raf1 Nh6 24. Bd3 Kh8 25. Kh2 Neg8 26. Nge2 g5 27. g4 Nf7 28. Ng3 Re7 29. Nh5 Ne5 30. Be2 Be8 31. Kg3 Bxh5 32. gxh5 Kg7 33. b3 Nh6 34. Nb5 Rd7 35. Bg4 Nhxg4 36. hxg4 Nd3 37. Rf3 Nf4 38. Re3 Re8 39. Rfe1 h6 40. Kh2 1/2-1/2

[Event "Cannes Open"]
[Site "Cannes FRA"]
[Date "1995.??.??"]
[Round "1"]
[White "Sosonko, Gennadi P"]
[Black "Dunnington, Angus J"]
[Result "1-0"]
[WhiteElo "2535"]
[BlackElo "2380"]
[PlyCount "41"]
[EventDate "1995.02.??"]
[Source "www.chesslib.no"]
[SourceDate "2004.05.04"]

1. d4 g6 2. e4 Bg7 3. c4 c5 4. d5 d6 5. Nf3 e5 6. Nc3 Ne7 7. Bd3 Nd7 8. g3 O-O 9. Nh4 f5 10. Qc2 f4 11. Ng2 a6 12. a4 Nf6 13. gxf4 exf4 14. Nxf4 Ng4 15. f3 Ne5 16. Be2 Bh6 17. Ne6 Bxe6 18. Bxh6 Nxf3+ 19. Bxf3 Nf5 20. O-O Nd4 21. Qg2 1-0

[Event "OL_BY9900"]
[Site "Germany"]
[Date "2000.??.??"]
[Round "1"]
[White "Reich, Thomas"]
[Black "Bezold, Michael"]
[Result "1/2-1/2"]
[WhiteElo "2395"]
[BlackElo "2515"]
[PlyCount "80"]
[EventDate "1999.??.??"]
[Source "Roberto Alvarez"]
[SourceDate "2004.12.06"]

1. d4 c5 2. d5 e5 3. c4 d6 4. e4 Be7 5. Nf3 Bg4 6. Nc3 Bxf3 7. Qxf3 Bg5 8. Bxg5 Qxg5 9. h4 Qd8 10. g3 Ne7 11. Bh3 O-O 12. O-O Kh8 13. Qe3 Ng8 14. a3 Qe7 15. b4 Na6 16. Rab1 b6 17. Na4 Rab8 18. Rb2 Nf6 19. Rfb1 Rfd8 20. Nc3 Ne8 21. Na2 Rb7 22. Nc1 Rc7 23. b5 Nb8 24. Nd3 Nd7 25. a4 g6 26. Bxd7 Qxd7 27. f3 f5 28. Qg5 Ng7 29. Rf1 Re8 30. Rg2 Rcc8 31. Qd2 Rf8 32. Qc3 Kg8 33. g4 fxe4 34. fxe4 Rxf1+ 35. Kxf1 Rf8+ 36. Kg1 Ne8 37. Qd2 Qe7 38. g5 Ng7 39. Rf2 Nh5 40. Qe2 Kg7 1/2-1/2

[Event "Cambados (Spain)"]
[Site "?"]
[Date "2005.07.30"]
[Round "8"]
[White "Abreu Aryam"]
[Black "Gongora Maikel"]
[Result "1/2-1/2"]
[WhiteElo "2442"]
[BlackElo "2466"]
[PlyCount "30"]
[EventDate "2005.??.??"]
[Source "www.chesslib.no"]
[SourceDate "2004.05.04"]

1. d4 c5 2. d5 e5 3. c4 Bd6 4. e4 Bc7 5. Nc3 Ba5 6. Bd2 d6 7. Bd3 Ne7 8. Nge2 O-O 9. O-O Ng6 10. a3 Bxc3 11. Bxc3 Nd7 12. b4 b6 13. Qd2 Re8 14. Rab1 Nf6 15. bxc5 dxc5 1/2-1/2

[Event "Master Open"]
[Site "Voronezh"]
[Date "2003.06.14"]
[Round "3"]
[White "Sambuev, Bator"]
[Black "Lukjanenko, Alexander"]
[Result "0-1"]
[WhiteElo "2484"]
[BlackElo "2422"]
[PlyCount "140"]
[EventDate "2003.06.12"]
[Source "Roberto Alvarez"]
[SourceDate "2003.07.07"]

1. Nf3 c5 2. c4 g6 3. d4 Bg7 4. d5 d6 5. e4 e5 6. h3 Nf6 7. Nc3 O-O 8. g4 Na6 9. Bg5 Nc7 10. Bd3 Bd7 11. a3 a6 12. b4 b6 13. Qd2 Qe7 14. Qe3 Rfb8 15. Rb1 Qf8 16. Rg1 Nfe8 17. bxc5 dxc5 18. Qd2 b5 19. Be2 Nd6 20. Qc2 bxc4 21. Rxb8 Rxb8 22. a4 a5 23. Nd2 Rb4 24. Be3 Na6 25. Qa2 Qb8 26. Nxc4 Nxc4 27. Bxc4 Rb2 28. Qa3 Nb4 29. Kf1 Nc2 30. Qxc5 Bf8 31. d6 Bxd6 32. Qa7 Qxa7 33. Bxa7 Rb7 34. Be3 Nxe3+ 35. fxe3 Rc7 36. Bb5 Rxc3 37. Bxd7 Rxe3 38. Bc6 Rxh3 39. Kg2 Rc3 40. Bd5 Kg7 41. Rf1 f6 42. g5 Be7 43. gxf6+ Bxf6 44. Rb1 Rc7 45. Rb5 Bd8 46. Rb8 Bg5 47. Ra8 Bd2 48. Re8 Bc3 49. Re6 Kh6 50. Bc6 Kg5 51. Kg3 Be1+ 52. Kf3 Rf7+ 53. Ke2 Bc3 54. Bd5 Rf6 55. Re7 h5 56. Bf7 Kf4 57. Kd3 Bb4 58. Rc7 h4 59. Rc1 Rd6+ 60. Bd5 h3 61. Ke2 g5 62. Rf1+ Kg4 63. Bb7 Kh4 64. Bc8 g4 65. Rf7 Rd2+ 66. Ke3 Rd8 67. Bf5 Rg8 68. Ke2 Kg3 69. Be6 Rf8 70. Rg7 Rf4 0-1

[Event "Bs.As. TB"]
[Site "?"]
[Date "1994.??.??"]
[Round "11"]
[White "Sorin, A."]
[Black "Zarnicki, P."]
[Result "1-0"]
[WhiteElo "2470"]
[BlackElo "2435"]
[PlyCount "55"]
[EventDate "1994.??.??"]
[Source "www.chesslib.no"]
[SourceDate "2004.05.04"]

1. d4 g6 2. c4 Bg7 3. Nc3 d6 4. Nf3 c5 5. d5 e5 6. e4 Ne7 7. Be2 O-O 8. h4 Bg4 9. Ng5 Bxe2 10. Qxe2 h6 11. Nf3 f5 12. h5 f4 13. hxg6 Nxg6 14. Nh2 Nd7 15. Qh5 Kh7 16. Nf3 Nf6 17. Ng5+ Kg8 18. Qxg6 hxg5 19. Qxg5 Qa5 20. Bd2 b5 21. cxb5 Qb4 22. Qg6 Qxb2 23. Rb1 Qa3 24. Rb3 Qa5 25. Ne2 Qxa2 26. Rbh3 Qb1+ 27. Bc1 Qb4+ 28. Kf1 1-0

[Event "Metz op 14th"]
[Site "?"]
[Date "1996.??.??"]
[Round "?"]
[White "Barsov Alexei"]
[Black "Haik Aldo"]
[Result "1-0"]
[WhiteElo "2465"]
[BlackElo "2440"]
[PlyCount "71"]
[EventDate "1996.??.??"]
[Source "www.chesslib.no"]
[SourceDate "2004.05.04"]

1. d4 g6 2. c4 c5 3. d5 e5 4. e4 d6 5. Nc3 h5 6. h4 Bh6 7. g3 Bxc1 8. Qxc1 a6 9. Bh3 Kf8 10. a4 Kg7 11. Ra3 Nf6 12. Bxc8 Qxc8 13. Nf3 Nh7 14. O-O Qh3 15. Rb3 Nd7 16. Rxb7 Ndf6 17. Rb6 Rad8 18. Re1 Qc8 19. Kg2 Rhf8 20. a5 Ng4 21. Ng5 f5 22. Ne6+ Kh8 23. f3 f4 24. fxg4 hxg4 25. gxf4 exf4 26. Nxf4 g3 27. Nxg6+ Kg7 28. Nxf8 Rxf8 29. Rf1 Qg4 30. Rb7+ Kg6 31. Rxf8 Qxh4 32. Rg8+ Kf6 33. Rxg3 Ke5 34. Rxh7 Qxh7 35. Qg5+ Kd4 36. Qg7+ 1-0

[Event "II Magistral"]
[Site "Pinamar"]
[Date "2004.03.26"]
[Round "3"]
[White "Hellsten, Johan"]
[Black "Lopez Silva, Hugo"]
[Result "1-0"]
[WhiteElo "2548"]
[BlackElo "2353"]
[PlyCount "47"]
[EventDate "2004.03.24"]
[Source "Roberto Alvarez"]
[SourceDate "2004.04.05"]

1. d4 c5 2. d5 Nf6 3. Nc3 e5 4. e4 d6 5. Nf3 g6 6. Nd2 Bg7 7. Be2 O-O 8. O-O Qe7 9. a4 Nbd7 10. Nc4 Ne8 11. Ra3 f5 12. exf5 gxf5 13. f4 exf4 14. Bxf4 Ne5 15. Re1 Bd7 16. Bf1 Rf7 17. Nb5 Bxb5 18. axb5 a6 19. bxa6 bxa6 20. Nxe5 Bxe5 21. Bxe5 dxe5 22. d6 Nxd6 23. Qd5 Rd8 24. Rxe5 1-0

[Event "Corr"]
[Site "?"]
[Date "2002.06.01"]
[Round "?"]
[White "Kahl Fred (GER)"]
[Black "Monteverde Italo (ITA)"]
[Result "1-0"]
[WhiteElo "2502"]
[BlackElo "2395"]
[PlyCount "113"]
[EventDate "2002.??.??"]
[Source "www.chesslib.no"]
[SourceDate "2004.05.04"]

1. e4 e6 2. d4 c5 3. d5 d6 4. Nc3 e5 5. f4 exf4 6. Bxf4 a6 7. Nf3 f6 8. Bd3 Ne7 9. Nd2 Ng6 10. Qh5 Kd7 11. Bg3 Kc7 12. O-O Nd7 13. Nd1 Nge5 14. a4 g6 15. Qe2 Bg7 16. Ne3 h5 17. Bh4 b6 18. Ndc4 Bb7 19. Ra3 Qg8 20. Rb3 f5 21. exf5 Nxc4 22. Bxc4 Bd4 23. Bf2 g5 24. Bd3 g4 25. c3 Bxe3 26. Bxe3 Qxd5 27. c4 Qc6 28. a5 Rae8 29. axb6+ Nxb6 30. Rf2 g3 31. hxg3 h4 32. Qd2 hxg3 33. Rf3 Qa4 34. Ra3 Nxc4 35. Rxa4 Nxd2 36. Bxd2 Bxf3 37. gxf3 Rh2 38. Ba5+ Kd7 39. Bc3 Re3 40. Bxa6 d5 41. Bb5+ Kc7 42. Ra6 Rxf3 43. Ba5+ Kc8 44. Rc6+ Kb8 45. Rf6 Rh8 46. Bc6 Rd3 47. Rd6 Rf3 48. Rd7 g2 49. Rb7+ Kc8 50. Ra7 Rb3 51. Ra8+ Rb8 52. Rxb8+ Kxb8 53. Bxd5 Rf8 54. Be6 Kb7 55. Kxg2 Kc6 56. Bc3 Kd6 57. b4 1-0

[Event "Excelsior Cup"]
[Site "Goteborg"]
[Date "1999.01.14"]
[Round "8"]
[White "Hillarp Persson, Tiger"]
[Black "Barkhagen, Jonas"]
[Result "1-0"]
[WhiteElo "2482"]
[BlackElo "2415"]
[PlyCount "159"]
[EventDate "1999.01.07"]
[Source "www.chesslib.no"]
[SourceDate "2004.05.04"]

1. d4 c5 2. d5 e5 3. c4 d6 4. Nc3 Be7 5. e4 Bg5 6. Bxg5 Qxg5 7. Nf3 Qf6 8. Be2 Ne7 9. h4 Na6 10. a3 h6 11. g3 Bd7 12. Nd2 O-O 13. Bg4 Be8 14. Nf1 Rb8 15. Qe2 g6 16. h5 Qg5 17. hxg6 fxg6 18. Ne3 Nc7 19. b4 cxb4 20. axb4 Na6 21. Qb2 Kg7 22. Be2 Bd7 23. Qa3 Qf6 24. Rh2 Rfc8 25. Ncd1 Nc7 26. Rc1 a5 27. b5 b6 28. Nc3 Ng8 29. Na4 Ne8 30. Rd1 Qg5 31. Nf1 Ngf6 32. f3 Rd8 33. Qe3 Qxe3 34. Nxe3 Bc8 35. Kf2 Nd7 36. Rdh1 h5 37. Bd3 Nef6 38. Ke2 Rf8 39. Rf2 Bb7 40. Rfh2 Rfe8 41. Kd2 Nh7 42. g4 Ng5 43. Be2 hxg4 44. Nxg4 Rf8 45. Ke3 Bc8 46. Rg2 Nf7 47. Nf2 Rh8 48. Rxh8 Nxh8 49. Nd3 Nf7 50. f4 exf4+ 51. Nxf4 Nde5 52. Ne6+ Kg8 53. Kd4 Bd7 54. Rg3 Nh6 55. Ke3 Nhf7 56. Rg1 Rb7 57. Rg2 Rb8 58. Nd4 Rb7 59. Nc6 Kg7 60. Kd4 Kf8 61. Rf2 Kg7 62. Nb2 Rc7 63. Bd1 Kf8 64. Na4 Rb7 65. Rf6 Kg7 66. Rxd6 Nxd6 67. Nxe5 Bh3 68. Be2 Bg2 69. Bd3 g5 70. Ng4 Bf3 71. Ne3 g4 72. e5 Nf7 73. Nf5+ Kf8 74. e6 Ng5 75. Ke5 Bd1 76. Nc3 Bb3 77. d6 g3 78. e7+ Rxe7+ 79. dxe7+ Ke8 80. Nd5 1-0

[Event "Ch team"]
[Site "?"]
[Date "2000.??.??"]
[Round "1"]
[White "Lukacs Peter"]
[Black "Krizsany Laszlo"]
[Result "1-0"]
[WhiteElo "2460"]
[BlackElo "2436"]
[PlyCount "85"]
[EventDate "2000.??.??"]
[Source "www.chesslib.no"]
[SourceDate "2004.05.04"]

1. d4 c5 2. d5 e5 3. c4 d6 4. e4 Be7 5. Nf3 Bg4 6. Nbd2 Bg5 7. Qa4+ Bd7 8. Qb3 Bxd2+ 9. Bxd2 Qc7 10. Bd3 Ne7 11. O-O O-O 12. Qc2 h6 13. Nh4 g5 14. Nf5 Bxf5 15. exf5 Nd7 16. f6 Nxf6 17. h4 Nh5 18. hxg5 hxg5 19. Bxg5 f5 20. g3 Ng7 21. Kg2 Ng6 22. Rh1 Qd7 23. Rh6 Kf7 24. Rh7 e4 25. Bh6 Rg8 26. Be2 Ke8 27. Qc3 Ne5 28. Bxg7 Rxg7 29. Rh8+ Ke7 30. Rxa8 f4 31. Rh8 f3+ 32. Bxf3 exf3+ 33. Kg1 Qf5 34. Rh2 Kd7 35. Re1 Rg5 36. Qe3 Kc7 37. Qe4 Qf6 38. Rh7+ Kb8 39. Qh4 a6 40. Rh5 Nf7 41. Rxg5 Nxg5 42. Re8+ Ka7 43. Qh8 1-0

[Event "It (cat.3)"]
[Site "Guarapari (Brazil)"]
[Date "2007.06.13"]
[Round "2"]
[White "Stamenkovic Dragan (SCG)"]
[Black "Bachmann Axel (PAR)"]
[Result "0-1"]
[WhiteElo "2423"]
[BlackElo "2470"]
[PlyCount "66"]
[EventDate "2007.??.??"]
[Source "www.chesslib.no"]
[SourceDate "2004.05.04"]

1. d4 c5 2. d5 e5 3. c4 d6 4. Nc3 Be7 5. Nf3 f5 6. e4 f4 7. g3 g5 8. gxf4 gxf4 9. Nxe5 dxe5 10. Qh5+ Kf8 11. Qxe5 Bf6 12. Qxf4 Nd7 13. Be3 Qb6 14. O-O-O Ne7 15. Qh6+ Ke8 16. Qh5+ Ng6 17. f4 Bxc3 18. bxc3 Nf6 19. Qg5 Nxe4 20. Qg2 Bf5 21. Bd3 Nd6 22. Bxf5 Nxf5 23. Qe4+ Nge7 24. Qe5 Rg8 25. d6 Rg2 26. Qh8+ Kf7 27. Qxh7+ Kf6 28. Rd2 Rxd2 29. Bxd2 Qxd6 30. Qh5 Rd8 31. Qe2 Qd3 32. Qe5+ Kf7 33. Rd1 Rd6 0-1

[Event "Orel"]
[Site "?"]
[Date "1998.??.??"]
[Round "5"]
[White "Chekhov Valery A"]
[Black "Tevtyuev Sergei"]
[Result "1-0"]
[WhiteElo "2520"]
[BlackElo "2370"]
[PlyCount "67"]
[EventDate "1998.??.??"]
[Source "www.chesslib.no"]
[SourceDate "2004.05.04"]

1. d4 c5 2. d5 e5 3. e4 Nf6 4. Nc3 d6 5. Nf3 g6 6. g3 Bg7 7. Bg2 O-O 8. O-O Bg4 9. h3 Bd7 10. a4 Na6 11. Nd2 Nh5 12. Nc4 Qe7 13. Kh2 Nc7 14. Bd2 b5 15. Ne3 bxa4 16. Nxa4 Rfb8 17. b3 Nb5 18. Nb2 Nd4 19. Nbc4 Rb7 20. Ra3 Rf8 21. c3 Nb5 22. Ra2 Be8 23. Qc2 Bd7 24. Bf3 Nf6 25. Be2 Nc7 26. Na5 Rbb8 27. Nc6 Bxc6 28. dxc6 d5 29. Rxa7 Qd6 30. Rxc7 Qxc7 31. Nxd5 Qd6 32. Bc4 Rfe8 33. Ra1 Qxc6 34. Ra6 1-0

[Event "POL-ch"]
[Site "Ksiaz"]
[Date "1998.03.16"]
[Round "5"]
[White "Sosnicki, Michal"]
[Black "Markowski, Tomasz"]
[Result "0-1"]
[WhiteElo "2385"]
[BlackElo "2505"]
[PlyCount "112"]
[EventDate "1998.03.12"]
[Source "ChessBase"]
[SourceDate "1998.04.29"]

1. d4 c5 2. d5 e5 3. e4 Nf6 4. Nc3 d6 5. Bb5+ Nbd7 6. a4 Be7 7. Nf3 O-O 8. O-O Ne8 9. Nd2 Bg5 10. Nc4 Bxc1 11. Qxc1 Qe7 12. f4 exf4 13. Bxd7 Bxd7 14. Qxf4 Rd8 15. Rae1 f6 16. b3 Bc8 17. Qh4 Rf7 18. Nd1 f5 19. Qxe7 Rxe7 20. Nc3 Nf6 21. exf5 Rxe1 22. Rxe1 Bxf5 23. Re7 Bc8 24. h3 Kf8 25. Re2 b6 26. Nb5 Ba6 27. Nc7 Bxc4 28. bxc4 Rd7 29. Ne6+ Kg8 30. g4 Re7 31. Kf2 Nd7 32. Nd8 Ne5 33. Nc6 Rf7+ 34. Kg2 Nxc4 35. Re8+ Rf8 36. Re7 a6 37. Kg3 Ra8 38. Rd7 Re8 39. Ne7+ Kf8 40. Nf5 Re5 41. Nxg7 Re3+ 42. Kh4 Re7 43. Ne6+ Kf7 44. Rd8 Kf6 45. Rf8+ Ke5 46. Rf5+ Ke4 47. Ng5+ Kd4 48. Kh5 Ne3 49. Rf2 c4 50. Kh6 c3 51. Nf7 Nxc2 52. Nxd6 Ne3 53. g5 Kxd5 54. Nf5 Nxf5+ 55. Rxf5+ Kc4 56. Rf6 Rc7 0-1

[Event "Peer Gynt"]
[Site "Gausdal"]
[Date "1991.??.??"]
[Round "9"]
[White "Conquest, Stuart"]
[Black "Prasad, Devaki V"]
[Result "1-0"]
[WhiteElo "2465"]
[BlackElo "2420"]
[PlyCount "59"]
[EventDate "1991.07.??"]
[Source "www.chesslib.no"]
[SourceDate "2004.05.04"]

1. d4 c5 2. d5 g6 3. c4 e5 4. Nc3 d6 5. e4 Bg7 6. Bd3 Ne7 7. h4 h5 8. Nh3 a6 9. g3 Bxh3 10. Rxh3 Nd7 11. Bd2 Qc7 12. Qe2 O-O-O 13. O-O-O Rdf8 14. Kb1 Bh6 15. Be1 f5 16. Qc2 fxe4 17. Nxe4 Nf5 18. Qa4 Nf6 19. b4 Nxe4 20. Bxe4 cxb4 21. Qxb4 Kb8 22. Ka1 Rc8 23. Rb1 Rh7 24. g4 hxg4 25. Rc3 Bf4 26. h5 Rxh5 27. c5 Rh3 28. cxd6 Qd7 29. Rc6 Ka8 30. Qa4 1-0

[Event "Polanica Zdroj"]
[Site "Polanica Zdroj"]
[Date "1972.??.??"]
[Round "3"]
[White "Razuvaev, Yuri S"]
[Black "Bednarski, Jacek B"]
[Result "1-0"]
[WhiteElo "2490"]
[BlackElo "2395"]
[PlyCount "95"]
[EventDate "1972.??.??"]
[Source "www.chesslib.no"]
[SourceDate "2004.05.04"]

1. d4 c5 2. d5 e5 3. c4 d6 4. Nc3 g6 5. e4 Bg7 6. g3 Nd7 7. Bg2 Ne7 8. h4 Nf6 9. Nf3 O-O 10. O-O a6 11. Rb1 Nd7 12. h5 h6 13. hxg6 fxg6 14. Bh3 Nb6 15. Bxc8 Qxc8 16. b3 Qh3 17. Nh2 h5 18. Ne2 Nd7 19. Kh1 Nf6 20. Ng1 Qd7 21. Qe2 Rf7 22. Kg2 Raf8 23. Nh3 Nh7 24. b4 Rc8 25. bxc5 Rxc5 26. Be3 Rc7 27. Rfc1 Nc8 28. Rb2 Qa4 29. Nf3 Bf6 30. Nd2 Qe8 31. Nb3 b6 32. Nd2 Rb7 33. Rcb1 Bd8 34. Nb3 Rbc7 35. Nd2 Rb7 36. c5 dxc5 37. Bxc5 Ra7 38. Be3 Ra8 39. Rc1 Kg7 40. Rbc2 Nd6 41. Rc6 Rf6 42. Ng5 Nxg5 43. Bxg5 Rf7 44. Rxd6 Bxg5 45. Rcc6 Rf6 46. Rxf6 Bxf6 47. Rxb6 Qa4 48. Rb7+ 1-0

[Event "Tch (Men) 2005/2006 FRA"]
[Site "?"]
[Date "2006.03.31"]
[Round "5"]
[White "Dorfman Josif D"]
[Black "Spielmann Alain"]
[Result "1-0"]
[WhiteElo "2595"]
[BlackElo "2284"]
[PlyCount "58"]
[EventDate "2006.??.??"]
[Source "www.chesslib.no"]
[SourceDate "2004.05.04"]

1. c4 g6 2. e4 Bg7 3. d4 c5 4. d5 e5 5. Nc3 d6 6. h4 Nf6 7. Be2 h5 8. Bg5 Nbd7 9. Qd2 a6 10. f3 Nf8 11. Nh3 N8h7 12. Be3 Bd7 13. Nf2 O-O 14. g3 Ne8 15. a3 b5 16. cxb5 axb5 17. Nxb5 f5 18. Nc3 Rb8 19. exf5 gxf5 20. f4 e4 21. Bxh5 Nhf6 22. Be2 Nc7 23. O-O Qe8 24. Rab1 Nb5 25. Bxb5 Bxb5 26. Rfd1 Qg6 27. Kh2 Ng4+ 28. Nxg4 Qxg4 29. Nxb5 Rxb5 1-0

[Event "October GM"]
[Site "?"]
[Date "1999.??.??"]
[Round "?"]
[White "Ovsejevitsch Sergei"]
[Black "Kozel Roman"]
[Result "1/2-1/2"]
[WhiteElo "2515"]
[BlackElo "2361"]
[PlyCount "58"]
[EventDate "1999.??.??"]
[Source "www.chesslib.no"]
[SourceDate "2004.05.04"]

1. d4 c5 2. d5 e5 3. e4 a6 4. Nf3 d6 5. Be2 Be7 6. O-O Bg4 7. Nbd2 Nf6 8. h3 Bxf3 9. Bxf3 O-O 10. a4 b6 11. Nc4 Nbd7 12. Bd2 Re8 13. g3 Qb8 14. Bg2 Bd8 15. Ne3 b5 16. c4 b4 17. Qc2 Ra7 18. f4 Nh5 19. Kh2 exf4 20. gxf4 g6 21. Ng4 Bh4 22. Be1 Qd8 23. Qe2 Bf6 24. Rb1 Bg7 25. b3 Ndf6 26. Nf2 Rae7 27. Qd3 h6 28. Bd2 Nh7 29. Bf3 g5 1/2-1/2

[Event "TCh-POL Ekstraliga"]
[Site "?"]
[Date "2005.09.06"]
[Round "4"]
[White "Fraczek Daniel"]
[Black "Markowski Tomasz"]
[Result "1/2-1/2"]
[WhiteElo "2309"]
[BlackElo "2564"]
[PlyCount "85"]
[EventDate "2005.??.??"]
[Source "www.chesslib.no"]
[SourceDate "2004.05.04"]

1. d4 c5 2. d5 d6 3. c4 e5 4. e4 g6 5. Nc3 Bg7 6. g3 Nd7 7. Bg2 Ne7 8. h4 h5 9. Nh3 a6 10. a4 b6 11. Be3 Rb8 12. Ng5 Nf8 13. O-O f6 14. Nh3 Nh7 15. f4 Bg4 16. Qd2 O-O 17. fxe5 fxe5 18. Rxf8+ Qxf8 19. Rf1 Qc8 20. Kh2 Bd7 21. Nf2 Kh8 22. Bh3 Ng8 23. Bxd7 Qxd7 24. Nh3 Ngf6 25. Kg2 Ng4 26. Qe2 Bh6 27. Bxh6 Nxh6 28. Qd2 Nf7 29. b3 Kg7 30. Ra1 Rf8 31. Rf1 Nf6 32. Ng5 Nxg5 33. Qxg5 Nh7 34. Qc1 Rxf1 35. Qxf1 Nf6 36. Qe2 Qe7 37. Nd1 Qd7 38. Nf2 Ne8 39. Nh3 Qg4 40. Qf3 Qxf3+ 41. Kxf3 Kf6 42. Ng5 Nc7 43. Ke3 1/2-1/2

[Event "Oberwart Open"]
[Site "Oberwart AUT"]
[Date "1995.??.??"]
[Round "9"]
[White "Farago, Ivan"]
[Black "Zsinka, Laszlo"]
[Result "1-0"]
[WhiteElo "2515"]
[BlackElo "2355"]
[PlyCount "89"]
[EventDate "1995.07.??"]
[Source "www.chesslib.no"]
[SourceDate "2004.05.04"]

1. d4 c5 2. d5 e5 3. c4 d6 4. e4 g6 5. Nc3 Bg7 6. Be2 a6 7. Nf3 Ne7 8. b4 Nd7 9. a3 O-O 10. O-O h6 11. Ne1 f5 12. f3 b6 13. g4 Kh7 14. Ng2 fxg4 15. fxg4 g5 16. Ne3 Rf4 17. Nf5 Nxf5 18. gxf5 Rh4 19. Qd3 Nf6 20. Bd2 Bd7 21. bxc5 dxc5 22. Rfb1 g4 23. Be1 Rh3 24. Bg3 h5 25. Bf1 h4 26. Bxh3 hxg3 27. Bg2 gxh2+ 28. Kxh2 Nh5 29. Rh1 Qg5 30. Rab1 Bh6 31. Kg1 Kg8 32. Kf1 Be8 33. Ne2 Ba4 34. Qc3 Rf8 35. Ke1 Nf4 36. Bf1 Nh5 37. Rxb6 Be8 38. Rd6 Nf6 39. Bg2 Bd7 40. Rxh6 Qxh6 41. Qxe5 Qh4+ 42. Qg3 Qg5 43. Rxa6 Re8 44. Qf4 Qh4+ 45. Kd2 1-0

[Event "Ostrava"]
[Site "Ostrava"]
[Date "1993.??.??"]
[Round "?"]
[White "Michenka, Jozef"]
[Black "Vokac, Marek"]
[Result "0-1"]
[WhiteElo "2405"]
[BlackElo "2465"]
[PlyCount "58"]
[EventDate "1993.09.??"]
[Source "ChessBase"]

1. d4 c5 2. d5 e5 3. c4 d6 4. e4 Be7 5. Nc3 h6 6. Be2 Bg5 7. Bg4 Bxc1 8. Rxc1 Bd7 9. Bxd7+ Nxd7 10. Nge2 Ne7 11. O-O O-O 12. Qd3 a6 13. a3 f5 14. f4 b5 15. cxb5 axb5 16. exf5 Nxf5 17. Qh3 e4 18. Nxe4 Nb6 19. N2g3 Nd4 20. Nc3 Ra7 21. Rf2 Raf7 22. Qg4 Nc4 23. f5 Qe8 24. Nge2 Re7 25. Nxd4 cxd4 26. Re2 Ne3 27. Qf3 d3 28. Rd2 Nc4 29. Rxd3 Ne5 0-1